Slovenská expozícia Expo 2020 Dubaj

Saved in:
Bibliographic Details
Main Author: Franko, Martin (Author)
Other Authors: Nádaská, Zuzana (Thesis advisor)
Format: Manuscript Book
Language:Slovak
Published: 2019
Subjects:
Online Access:http://is.stuba.sk/zp/portal_zp.pl?podrobnosti=146897
https://opac.crzp.sk/?fn=detailBiblioForm&sid=9F8942B94996237AA3F51AF666DC
Tags: Add Tag
No Tags, Be the first to tag this record!

MARC

LEADER 00000ntm a22000003a 4500
001 stuzp72525
003 SK-STU
005 20230530105441.0
007 ta
008 150427s2015----xo-----f-mn---000-0-slo-d
040 |a STU  |b slo 
041 0 |a slo 
100 1 |a Franko, Martin  |u 010310  |k Z4  |4 aut  |U SvF Stavebná fakulta  |T SvF Katedra architektúry  |X 9962  |U V181|V310  |Y 19  |7 9962 
242 0 1 |a Slovak expozition Expo 2020 Dubaj  |y eng 
245 1 0 |a Slovenská expozícia Expo 2020 Dubaj 
260 |c 2019 
650 4 |a expo  |2 slo 
650 4 |a Svetová výstava  |2 slo 
650 4 |a pavilón  |2 slo 
650 4 |a Dubaj  |2 slo 
650 4 |a pavilion  |2 eng 
650 4 |a expo  |2 eng 
650 4 |a Dubai  |2 eng 
650 4 |a world exhibition  |2 eng 
700 1 |a Nádaská, Zuzana  |u 010310  |k Z8  |4 ths  |U SvF Stavebná fakulta  |T SvF Katedra architektúry  |X 790  |U V181|V310  |Y 19  |7 A000000790 
856 4 |u http://is.stuba.sk/zp/portal_zp.pl?podrobnosti=146897 
856 4 |u https://opac.crzp.sk/?fn=detailBiblioForm&sid=9F8942B94996237AA3F51AF666DC